Comtep '98 počítače v teórii a praxi : 3. celoštátna konferencia s medzinárodnou účasťou : zborník referátov : 25.-26.11.1998 : Prešov Slovenská republika

Bibliographic Details
Corporate Author: COMTEP Prešov, Slovensko (Author)
Format: Conference Proceeding Book
Language:Slovak
Czech
English
PhysicalDescription:228 strán grafy, ilustrácie, schémy, tabuľky 21 cm
Published: Košice Technická univerzita, Strojnícka fakulta 1998
ISBN:807099388X
Edition:1. vyd.
Subjects:

MARC

LEADER 00000cam a2200000 a 4500
001 vtls001360850
003 SK-MaSNL
005 20260301070616.0
008 240226s1998 xo dal frn 100 0 slo
015 |a SNBA1999/07-02572 
020 |a 807099388X  |q (brožované) 
035 |a SNK000314416 
040 |a SNK  |b slo  |c SNK  |e AACR2 
041 0 |a slo  |a cze  |a eng  |b rus 
044 |a xo  |c SK 
072 7 |a 004.3  |x Počítače. Hardvér  |2 konspekt 
080 |a 681.3(082)=00  |2 1981 
080 |a 004.38  |2 2011 
080 |a (062.534)  |2 2011 
080 |a 004-027.22  |2 2011 
080 |a 004  |2 2011 
111 2 |a COMTEP  |n (3. :  |d 1998 :  |c Prešov, Slovensko)  |4 aut  |9 387089 
245 1 0 |a Comtep '98  |b počítače v teórii a praxi : 3. celoštátna konferencia s medzinárodnou účasťou : zborník referátov : 25.-26.11.1998 : Prešov Slovenská republika 
246 1 1 |a Comtep'98 Computers in theory and practice 
246 3 0 |a Počítače v teórii a praxi 
250 |a 1. vyd. 
260 |a Košice  |b Technická univerzita, Strojnícka fakulta  |c 1998 
300 |a 228 strán  |b grafy, ilustrácie, schémy, tabuľky  |c 21 cm 
366 |e 50 výtl. 
504 |a Bibliografia za jednotlivými príspevkami 
546 |a Čiastočný text v angličtine a češtine. Ruské resumé 
650 0 7 |a počítače  |2 SNKPH  |9 2027 
650 0 7 |a počítačová podpora  |2 SNKPH  |9 1869 
650 0 7 |a informačné technológie  |2 SNKPH  |9 1527 
655 7 |a zborníky konferencií  |2 SNKPH  |9 70153 
710 2 |a Technická univerzita v Košiciach.  |b Strojnícka fakulta  |4 pbl  |9 178287 
919 |a 80-7099-388-X 
954 |a odborná, vedecká literatúra pôvodná (slovenská)  |2 lita 
954 |a odborná, vedecká literatúra cudzojazyčná (svetová)  |2 lita 
958 |a OND 
958 |a ART 
958 |a TL 
958 |a NB 
999 |c 634945  |d 636875 
952 |a SNK  |b SNK  |y PREZ  |7 0  |p 17A0191187  |o snkSC 98455  |i snkKSP 4423/99  |0 0  |1 0  |4 0  |d 1999-04-21  |f 1  |l 0  |r 2025-09-18 00:00:00  |w 2026-02-23 
952 |a SNK  |b SNK  |y VYP  |7 0  |p 17A0191188  |o snkSC 98455 D1  |i snkKSP 4424/99  |0 0  |1 0  |4 0  |d 1999-04-21  |l 0  |r 2005-01-02 00:00:00  |w 2026-02-23